000
00280nam a22001337a 4500
041
_a
ENG
100
_a
Aggarwal .M.L
245
_a
Engineering Drawing Vol 2
260
_a
Pune
_b
Dhanpat Rai & Co
_c
1999
300
_a
320
650
_a
FMP
700
_a
Garg .R.K
856
_u
FMP
999
_c
526
_d
526